Hospital billing: using Just Claims software (Record no. 64165)

MARC details
000 -LEADER
fixed length control field 02518nam a2200289 a 4500
008 - FIXED-LENGTH DATA ELEMENTS--GENERAL INFORMATION
fixed length control field 110908s2004 ||||||||||||||||| || u
020 ## - INTERNATIONAL STANDARD BOOK NUMBER
International Standard Book Number 0072941812
050 ## - LIBRARY OF CONGRESS CALL NUMBER
Classification number RA 971.3 New
100 ## - MAIN ENTRY--PERSONAL NAME
Personal name Newby, Cynthia
245 10 - TITLE STATEMENT
Title Hospital billing: using Just Claims software
260 ## - PUBLICATION, DISTRIBUTION, ETC.
Place of publication, distribution, etc. New York:
Name of publisher, distributor, etc. McGraw-Hill
Date of publication, distribution, etc. 2004
300 ## - PHYSICAL DESCRIPTION
Extent xvii, 365p.: ill.+ 3 CD-ROMs
350 ## -
-- 0.00
650 ## - SUBJECT ADDED ENTRY--TOPICAL TERM
Topical term or geographic name entry element HOSPITALS--BUSINESS MANAGEMENT--DATA PROCESSING
650 ## - SUBJECT ADDED ENTRY--TOPICAL TERM
Topical term or geographic name entry element MEDICINE
650 ## - SUBJECT ADDED ENTRY--TOPICAL TERM
Topical term or geographic name entry element HOSPITALS--ACCOUNTING--DATA PROCESSING
995 ## -
-- MICHAEL CHILUFYA SATA OPEN ACCESS
-- 0.00
-- 900431
-- CBU-SCHOOL OF MEDICINE LIBRARY (Ndola)
-- 1
-- 0.00
-- RA 971.3 New
-- 1
-- AVAILABLE
-- Oct 26, 2011
-- 900431
-- Medical Library Open Access Collection
995 ## -
-- MICHAEL CHILUFYA SATA OPEN ACCESS
-- 0.00
-- 900439
-- CBU-SCHOOL OF MEDICINE LIBRARY (Ndola)
-- 1
-- 0.00
-- RA 971.3 New
-- 9
-- AVAILABLE
-- Oct 26, 2011
-- 900439
-- Medical Library Open Access Collection
995 ## -
-- MICHAEL CHILUFYA SATA OPEN ACCESS
-- 0.00
-- 900433
-- CBU-SCHOOL OF MEDICINE LIBRARY (Ndola)
-- 1
-- 0.00
-- RA 971.3 New
-- 3
-- AVAILABLE
-- Oct 26, 2011
-- 900433
-- Medical Library Open Access Collection
995 ## -
-- MEDICAL LIBRARY OPEN ACCESS
-- 0.00
-- 900440
-- CBU-SCHOOL OF MEDICINE LIBRARY (Ndola)
-- 1
-- 0.00
-- RA 971.3 New
-- 10
-- AVAILABLE
-- Oct 26, 2011
-- 900440
-- Medical Library Open Access Collection
995 ## -
-- MEDICAL LIBRARY OPEN ACCESS
-- 0.00
-- 900435
-- CBU-SCHOOL OF MEDICINE LIBRARY (Ndola)
-- 1
-- 0.00
-- RA 971.3 New
-- 5
-- AVAILABLE
-- Oct 26, 2011
-- 900435
-- Medical Library Open Access Collection
995 ## -
-- MICHAEL CHILUFYA SATA OPEN ACCESS
-- 0.00
-- 900436
-- CBU-SCHOOL OF MEDICINE LIBRARY (Ndola)
-- 1
-- 0.00
-- RA 971.3 New
-- 6
-- AVAILABLE
-- Oct 26, 2011
-- 900436
-- Medical Library Open Access Collection
995 ## -
-- MEDICAL LIBRARY OPEN ACCESS
-- 0.00
-- 900432
-- CBU-SCHOOL OF MEDICINE LIBRARY (Ndola)
-- 1
-- 0.00
-- RA 971.3 New
-- 2
-- AVAILABLE
-- Oct 26, 2011
-- 900432
-- Medical Library Open Access Collection
995 ## -
-- MICHAEL CHILUFYA SATA OPEN ACCESS
-- 0.00
-- 900434
-- CBU-SCHOOL OF MEDICINE LIBRARY (Ndola)
-- 1
-- 0.00
-- RA 971.3 New
-- 4
-- AVAILABLE
-- Oct 26, 2011
-- 900434
-- Medical Library Open Access Collection
995 ## -
-- MEDICAL LIBRARY OPEN ACCESS
-- 0.00
-- 900437
-- CBU-SCHOOL OF MEDICINE LIBRARY (Ndola)
-- 1
-- 0.00
-- RA 971.3 New
-- 7
-- AVAILABLE
-- Oct 26, 2011
-- 900437
-- Medical Library Open Access Collection
995 ## -
-- MICHAEL CHILUFYA SATA OPEN ACCESS
-- 0.00
-- 900438
-- CBU-SCHOOL OF MEDICINE LIBRARY (Ndola)
-- 1
-- 0.00
-- RA 971.3 New
-- 8
-- AVAILABLE
-- Oct 26, 2011
-- 900438
-- Medical Library Open Access Collection
999 ## -
-- 64165
-- 64165

No items available.